000 00699nam a2200253 4500
008
020 _a0521296994(pbk).
049 _aMAIN
090 0 1 _aQK603
100 1 _aWebster, John.
245 1 0 _aIntroduction to fungi /
_cJohn Webster.
250 _a2nd ed.
260 _aCambridge :
_bCambridge University Press,
_c1980.
300 _ax, 669 p. :
_bill. ;
_c24 cm.
500 _aIncludes index.
504 _aIncludes bibliographical references.
650 0 _aFungi.
650 0 _aFungi
_vClassification.
907 _a.b10183164
_b27-02-10
_c16-12-05
003
005 20230123134133.0
040 _cNUST
942 _cBOOKS
_kQK603
999 _c160694
_d160694